Developing Academic Literacies in Times of Change : Scaffolding Literacies Acquisition with the Curriculum and ICT in Rwandan Tertiary Education.

Bibliographic Details
Main Author: Karoro Muhirwe, Charles.
Format: eBook
Language:English
Published: Linköping : Linkopings Universitet, 2012.
Edition:1st ed.
Series:Linköping Studies in Behavioural Science Series
Subjects:
Online Access:Click to View
LEADER 01649nam a22003613i 4500
001 EBC30400881
003 MiAaPQ
005 20240729202204.0
006 m o d |
007 cr cnu||||||||
008 240729s2012 xx o ||||0 eng d
020 |a 9789175198415  |q (electronic bk.) 
035 |a (MiAaPQ)EBC30400881 
035 |a (Au-PeEL)EBL30400881 
035 |a (OCoLC)1372395802 
040 |a MiAaPQ  |b eng  |e rda  |e pn  |c MiAaPQ  |d MiAaPQ 
100 1 |a Karoro Muhirwe, Charles. 
245 1 0 |a Developing Academic Literacies in Times of Change :  |b Scaffolding Literacies Acquisition with the Curriculum and ICT in Rwandan Tertiary Education. 
250 |a 1st ed. 
264 1 |a Linköping :  |b Linkopings Universitet,  |c 2012. 
264 4 |c {copy}2012. 
300 |a 1 online resource (244 pages) 
336 |a text  |b txt  |2 rdacontent 
337 |a computer  |b c  |2 rdamedia 
338 |a online resource  |b cr  |2 rdacarrier 
490 1 |a Linköping Studies in Behavioural Science Series ;  |v v.164 
588 |a Description based on publisher supplied metadata and other sources. 
590 |a Electronic reproduction. Ann Arbor, Michigan : ProQuest Ebook Central, 2024. Available via World Wide Web. Access may be limited to ProQuest Ebook Central affiliated libraries.  
655 4 |a Electronic books. 
776 0 8 |i Print version:  |a Karoro Muhirwe, Charles  |t Developing Academic Literacies in Times of Change  |d Linköping : Linkopings Universitet,c2012 
797 2 |a ProQuest (Firm) 
830 0 |a Linköping Studies in Behavioural Science Series 
856 4 0 |u https://ebookcentral.proquest.com/lib/matrademy/detail.action?docID=30400881  |z Click to View